| 000 | 00443nam a2200157Ia 4500 | ||
|---|---|---|---|
| 999 |
_c18718 _d18718 |
||
| 003 | OSt | ||
| 005 | 20200626113540.0 | ||
| 008 | 190216s9999||||xx |||||||||||||| ||und|| | ||
| 040 | _coclc | ||
| 082 |
_a954.83 _bKRI/E |
||
| 100 |
_aKrishnan, N R _93260 |
||
| 245 | 0 |
_aEzhavar Annum Innum / _cN R Krishnan |
|
| 260 |
_bCurrent Books, _aThrissur: _c1967. |
||
| 300 | _a200p | ||
| 942 |
_cBK _2ddc _h954.83 _iKRI/E _k954.83 _mKRI/E |
||